<?xml version="1.0" encoding="UTF-8"?><?xml-stylesheet type="text/xsl" href="static/style.xsl"?><OAI-PMH xmlns="http://www.openarchives.org/OAI/2.0/" xmlns:xsi="http://www.w3.org/2001/XMLSchema-instance" xsi:schemaLocation="http://www.openarchives.org/OAI/2.0/ http://www.openarchives.org/OAI/2.0/OAI-PMH.xsd"><responseDate>2026-04-17T20:26:51Z</responseDate><request verb="GetRecord" identifier="oai:www.recercat.cat:2445/173951" metadataPrefix="marc">https://recercat.cat/oai/request</request><GetRecord><record><header><identifier>oai:recercat.cat:2445/173951</identifier><datestamp>2025-12-04T19:42:53Z</datestamp><setSpec>com_2072_1057</setSpec><setSpec>col_2072_478803</setSpec><setSpec>col_2072_478917</setSpec></header><metadata><record xmlns="http://www.loc.gov/MARC21/slim" xmlns:dcterms="http://purl.org/dc/terms/" xmlns:xsi="http://www.w3.org/2001/XMLSchema-instance" xmlns:doc="http://www.lyncode.com/xoai" xsi:schemaLocation="http://www.loc.gov/MARC21/slim http://www.loc.gov/standards/marcxml/schema/MARC21slim.xsd">
   <leader>00925njm 22002777a 4500</leader>
   <datafield ind2=" " ind1=" " tag="042">
      <subfield code="a">dc</subfield>
   </datafield>
   <datafield ind2=" " ind1=" " tag="720">
      <subfield code="a">Castellano, Núria</subfield>
      <subfield code="e">author</subfield>
   </datafield>
   <datafield ind2=" " ind1=" " tag="720">
      <subfield code="a">Boj, Isabel</subfield>
      <subfield code="e">author</subfield>
   </datafield>
   <datafield ind2=" " ind1=" " tag="720">
      <subfield code="a">Poblador Relancio, Eva Ma.</subfield>
      <subfield code="e">author</subfield>
   </datafield>
   <datafield ind2=" " ind1=" " tag="260">
      <subfield code="c">2021-02-15T11:41:55Z</subfield>
   </datafield>
   <datafield ind2=" " ind1=" " tag="260">
      <subfield code="c">2021-02-15T11:41:55Z</subfield>
   </datafield>
   <datafield ind2=" " ind1=" " tag="260">
      <subfield code="c">2003-11</subfield>
   </datafield>
   <datafield ind2=" " ind1=" " tag="260">
      <subfield code="c">2021-02-15T11:41:55Z</subfield>
   </datafield>
   <datafield ind2=" " ind1=" " tag="520">
      <subfield code="a">Si hi ha una civilització antiga que encara desperta curiositat avui en dia és la de l'antic Egipte. L'interès per aquesta cultura queda reflectit en la seva presència en la nostra vida quotidiana. Pel·lícules que hi estan ambientades (amb la presència d'alguna mòmia, és clar!), joies amb motius faraònics, exposicions als grans circuits museístics, col·leccions en fascicles o best-sellers, són una mostra d'aquesta 'egiptomania'. I les excavacions arqueològiques, amb els descobriments de 'tresors' amagats encara sota la sorra, ajuden a mantenir aquest misteri que envolta la cultura egípcia. Tot aquest ressò que té la civilització de la terra dels faraons en tots els camps de la vida quotidiana no queda, però, prou reflectit en el món de l'ensenyament. Contràriament al que es podria pensar, l'estudi de l'antic Egipte cada vegada és menor. Tot i així, des de Schola Didàctica Activa SL, creiem que l'antic Egipte pot aportar una sèrie de coneixements que ajudaran l'alumne a entendre aspectes de la nostra cultura. L'objectiu d'aquesta proposta és donar a conèixer elements desconeguts dels faraons i descobrir els punts de contacte amb la nostra vida quotidiana. Les activitats estan dirigides als nois i noies de cicle mitjà i superior de primària. Aquest tema, a més d'estar inclòs en el currículum escolar, es pot introduir com a part d'eixos transversals com ara la ciutat, la casa, l'escriptura...</subfield>
   </datafield>
   <datafield tag="653" ind2=" " ind1=" ">
      <subfield code="a">Didàctica de les ciències socials</subfield>
   </datafield>
   <datafield tag="653" ind2=" " ind1=" ">
      <subfield code="a">Ensenyament de les ciències socials</subfield>
   </datafield>
   <datafield tag="653" ind2=" " ind1=" ">
      <subfield code="a">Egiptologia</subfield>
   </datafield>
   <datafield tag="653" ind2=" " ind1=" ">
      <subfield code="a">Social sciences teaching methods</subfield>
   </datafield>
   <datafield tag="653" ind2=" " ind1=" ">
      <subfield code="a">Social sciences education</subfield>
   </datafield>
   <datafield tag="653" ind2=" " ind1=" ">
      <subfield code="a">Egyptology</subfield>
   </datafield>
   <datafield ind2="0" ind1="0" tag="245">
      <subfield code="a">Un viatge per l'antic Egipte</subfield>
   </datafield>
</record></metadata></record></GetRecord></OAI-PMH>